Исследование влияния влажности на параметры механоэлектрических преобразований в бетонах; Журнал технической физики; Т. 80, вып. 9

Մատենագիտական մանրամասներ
Parent link:Журнал технической физики.— , 1931-
Т. 80, вып. 9.— 2010.— [С. 63-67]
Այլ հեղինակներ: Фурса Т. В. Татьяна Викторовна, Суржиков А. П. Анатолий Петрович, Хорсов Н. Н. Николай Николаевич, Данн Д. Д. Денис Дмитриевич
Ամփոփում:Заглавие с экрана
Установлено, что увеличение влажности цементного раствора в диапазоне от 0 до 8% приводит к снижению основного спектрального максимума электрического отклика на ударное возбуждение по экспоненциальной зависимости в соответствии с изменением удельного электрического сопротивления. Предложена физическая модель механоэлектрических преобразований во влажном гетерогенном материале, которая хорошо согласуется с экспериментальными данными
Լեզու:ռուսերեն
Հրապարակվել է: 2010
Խորագրեր:
Առցանց հասանելիություն:http://journals.ioffe.ru/jtf/2010/09/page-63.html.ru
Ձևաչափ: MixedMaterials Էլեկտրոնային Գրքի գլուխ
KOHA link:https://koha.lib.tpu.ru/cgi-bin/koha/opac-detail.pl?biblionumber=636990

MARC

LEADER 00000nla0a2200000 4500
001 636990
005 20250409112509.0
035 |a (RuTPU)RU\TPU\network\1058 
090 |a 636990 
100 |a 20140423d2010 k||y0rusy50 ca 
101 0 |a rus 
102 |a RU 
135 |a drcn ---uucaa 
181 0 |a i  
182 0 |a b 
200 1 |a Исследование влияния влажности на параметры механоэлектрических преобразований в бетонах  |f Т. В. Фурса [и др.] 
203 |a Текст  |c электронный 
300 |a Заглавие с экрана 
320 |a [Библиогр.: с. 67 (4 назв.)] 
330 |a Установлено, что увеличение влажности цементного раствора в диапазоне от 0 до 8% приводит к снижению основного спектрального максимума электрического отклика на ударное возбуждение по экспоненциальной зависимости в соответствии с изменением удельного электрического сопротивления. Предложена физическая модель механоэлектрических преобразований во влажном гетерогенном материале, которая хорошо согласуется с экспериментальными данными 
461 |t Журнал технической физики  |d 1931- 
463 |t Т. 80, вып. 9  |v [С. 63-67]  |d 2010 
610 1 |a электронный ресурс 
610 1 |a труды учёных ТПУ 
610 1 |a механоэлектрические преобразования 
610 1 |a бетон 
610 1 |a влажность 
610 1 |a цемент 
610 1 |a ударное возбуждение 
701 1 |a Фурса  |b Т. В.  |c специалист в области неразрушающего контроля  |c ведущий научный сотрудник Томского политехнического университета, доктор технических наук  |f 1951-  |g Татьяна Викторовна  |3 (RuTPU)RU\TPU\pers\27723 
701 1 |a Суржиков  |b А. П.  |c физик  |c профессор Томского политехнического университета, доктор физико-математических наук  |f 1951-  |g Анатолий Петрович  |3 (RuTPU)RU\TPU\pers\22010  |9 9307 
701 1 |a Хорсов  |b Н. Н.  |c специалист в области неразрушающего контроля  |c старший научный сотрудник Томского политехнического университета  |f 1943-  |g Николай Николаевич  |3 (RuTPU)RU\TPU\pers\29651 
701 1 |a Данн  |b Д. Д.  |c специалист в области электротехники  |c инженер-исследователь Томского политехнического университета  |f 1987-  |g Денис Дмитриевич  |3 (RuTPU)RU\TPU\pers\28196  |9 13150 
801 2 |a RU  |b 63413507  |c 20141111  |g RCR 
856 4 |u http://journals.ioffe.ru/jtf/2010/09/page-63.html.ru 
942 |c CF